000 01747nam a2200469 i 4500
001 197580
003 ES-MaACL
005 20250817115637.0
007 ta
008 941215s1976 spca || 001 ||spa|c
017 _aB 53809-1976
_bOficina Depósito Legal Barcelona
020 _a8427987609
_q(cart.)
035 _a(ES-BaCBU).b15677825
035 _a(OCoLC)889903160
035 _a991022260189706706
040 _aES-BaCBU
_bcat
_cES-BaCBU
080 _a75
080 _a75.034.071
100 0 _aMasaccio,
_d1401-1428.
_eill
_9240921
245 1 3 _aLa obra pictórica completa de Masaccio /
_cintroducción de Paolo Volponi ; biografía y estudios críticos de Luciano Berti
260 _aBarcelona ;
_aMadrid :
_bNoguer,
_c1976
300 _a103 p. :
_bil. (algunes col.) ;
_c31 cm
336 _2rdacontent
_atexto
337 _2rdamedia
_asin mediación
338 _2rdacarrier
_avolumen
490 1 _aClásicos del arte ;
_v54
504 _aBibliografia. Cronologia. Índices
600 0 7 _aMasaccio,
_d1401-1428.
_2lemac
_9240921
650 0 4 _aPintores-
_zItalia
_9240922
700 1 _aBerti, Luciano.
_eaut
_9240923
700 0 _aVolponi, Paolo
_9115719
_eaui
700 1 _aAlcántara, Francisco José,
_d1922-1999
_etrl
_919493
740 0 _aMasaccio
830 0 _aClásicos del arte ;
_v54
_9191252
852 _aES-MaACL
_cDEPO1
_jA-15679
_hDonación: Fernando Codina Rodríguez
_xEncuadernación cartoné
_9206037
903 _aCodina Rodríguez, Fernando
_ednr
_9238631
942 _n0
_cMONOGRAFIA
999 _c197580
_d197580